[Event "MCRE_PF18"]
[Site "?"]
[Date "2004.??.??"]
[Round "?"]
[White "Toman, Antonin"]
[Black "Thoma, Otomar"]
[Result "0-1"]
[WhiteElo "2199"]
[BlackElo "2273"]
[PlyCount "120"]
[EventDate "2004.??.??"]
[EventType "corr"]
[EventRounds "2"]
[SourceDate "2005.03.12"]

1. e4 e5 2. Nf3 Nc6 3. Bb5 a6 4. Ba4 Nf6 5. d4 exd4 6. O-O Be7 7. Re1 b5 8. Bb3
d6 9. Bd5 Nxd5 10. exd5 Ne5 11. Nxd4 O-O 12. Nc3 Re8 13. Ne4 Bb7 14. Nf5 Qd7
15. Nxe7+ Rxe7 16. b3 f5 17. Ng3 Rae8 18. Rf1 Ng6 19. f4 c6 20. Bb2 cxd5 21.
Bd4 Nf8 22. c3 g6 23. Qd2 Ne6 24. Bf6 Rf7 25. Bd4 Nc5 26. Rae1 Ne4 27. Qd3 Rfe7
28. Re2 Qc6 29. Rfe1 a5 30. Re3 b4 31. Nxe4 dxe4 32. Qd2 Ra8 33. Ra1 bxc3 34.
Rxc3 Qd5 35. Rd1 Rae8 36. Qe2 Qe6 37. Be3 d5 38. Qd2 Rd7 39. Rc5 d4 40. Re5 Qf7
41. Bxd4 Red8 42. Qc3 g5 43. Qc5 Qh5 44. Qc4+ Bd5 45. Qc1 Bf7 46. Rxf5 h6 47.
fxg5 e3 48. Rf3 e2 49. Re1 Rxd4 50. gxh6 Bg6 51. Qc3 Qb5 52. Rg3 Kh7 53. Re3
Bd3 54. Qc7+ R8d7 55. Re7+ Kxh6 56. Re6+ Kg7 57. Qg3+ Kf8 58. Rf6+ Ke7 59. Rf3
R4d5 60. Qh4+ Kd6 0-1

[Event "MCRE_PF18"]
[Site "?"]
[Date "2004.??.??"]
[Round "?"]
[White "Toman, Antonin"]
[Black "Zahour, Jiri"]
[Result "1/2-1/2"]
[WhiteElo "2199"]
[BlackElo "2212"]
[PlyCount "73"]
[EventDate "2004.??.??"]
[EventType "corr"]
[EventRounds "2"]
[SourceDate "2005.03.12"]

1. e4 Nf6 2. e5 Nd5 3. d4 d6 4. c4 Nb6 5. f4 Bf5 6. Nc3 e6 7. Nf3 Na6 8. a3 c5
9. dxc5 dxc5 10. Be3 Be7 11. Be2 O-O 12. O-O Qc7 13. Nb5 Qc6 14. Nd2 f6 15. Bf3
Qd7 16. Qb3 fxe5 17. Ne4 exf4 18. Bxf4 e5 19. Bxe5 Bg4 20. Bxg4 Qxg4 21. Qd3
Nb8 22. Bc7 N8d7 23. b3 a5 24. Nbd6 a4 25. b4 Ne5 26. Qc3 Bxd6 27. Nxd6 Nbxc4
28. bxc5 Rxf1+ 29. Rxf1 Rf8 30. Rxf8+ Kxf8 31. h3 Qe2 32. Nf5 g6 33. Bxe5 Qxe5
34. Qxc4 gxf5 35. Qb4 Qe3+ 36. Kf1 Qb3 37. Qd4 1/2-1/2

[Event "MCRE_PF18"]
[Site "?"]
[Date "2004.??.??"]
[Round "?"]
[White "Zahour, Jiri"]
[Black "Glembek, Bohumir"]
[Result "1/2-1/2"]
[WhiteElo "2212"]
[BlackElo "2120"]
[PlyCount "54"]
[EventDate "2004.??.??"]
[EventType "corr"]
[EventRounds "2"]
[SourceDate "2005.03.12"]

1. e4 e5 2. Nf3 Nc6 3. d4 exd4 4. Nxd4 Nf6 5. Nxc6 bxc6 6. Bd3 d5 7. Qe2 dxe4
8. Nd2 Bb4 9. Bxe4 O-O 10. c3 Nxe4 11. Nxe4 Bf5 12. O-O Re8 13. cxb4 Rxe4 14.
Be3 Rxb4 15. Rad1 Qf6 16. b3 a5 17. Rfe1 Re4 18. f3 Re6 19. Qc4 h6 20. Bd4
Rxe1+ 21. Rxe1 Qg6 22. Be5 Re8 23. Qc3 Bb1 24. a4 Ba2 25. Kf2 f6 26. Bg3 Rxe1
27. Qxe1 Bxb3 1/2-1/2

[Event "MCRE_PF18"]
[Site "?"]
[Date "2004.??.??"]
[Round "?"]
[White "Zahour, Jiri"]
[Black "Houska, Jiri"]
[Result "1-0"]
[WhiteElo "2212"]
[BlackElo "2200"]
[PlyCount "71"]
[EventDate "2004.??.??"]
[EventType "corr"]
[EventRounds "2"]
[SourceDate "2005.03.12"]

1. e4 e6 2. d4 d5 3. Nc3 Bb4 4. Nge2 dxe4 5. a3 Bxc3+ 6. Nxc3 Nc6 7. d5 exd5 8.
Qxd5 Nge7 9. Qxd8+ Nxd8 10. Nxe4 Bf5 11. Bd3 Ne6 12. Bd2 O-O-O 13. O-O-O Nd4
14. Be3 Ndc6 15. Bc5 Rhe8 16. Rhe1 h6 17. f3 a6 18. g4 Be6 19. Ng3 Rd5 20. b4
g6 21. Ne4 Ng8 22. Nc3 Rdd8 23. h3 h5 24. Bf2 hxg4 25. fxg4 Nge7 26. Na4 Rh8
27. Nc5 Rxh3 28. Nxe6 fxe6 29. Rxe6 Rd6 30. Ree1 Rh8 31. Bc5 Rd7 32. a4 Rh7 33.
Re6 Rd5 34. Rde1 Kd7 35. Bc4 Rg5 36. Rd1+ 1-0

[Event "MCRE_PF18"]
[Site "?"]
[Date "2004.??.??"]
[Round "?"]
[White "Zahour, Jiri"]
[Black "Koci, Vladimir"]
[Result "1-0"]
[WhiteElo "2212"]
[BlackElo "2270"]
[PlyCount "69"]
[EventDate "2004.??.??"]
[EventType "corr"]
[EventRounds "2"]
[SourceDate "2005.03.12"]

1. e4 g6 2. d4 Bg7 3. Nc3 e6 4. Be3 Ne7 5. Qd2 d5 6. Nf3 dxe4 7. Nxe4 Nf5 8. h4
h6 9. O-O-O Bd7 10. h5 g5 11. Ne5 Bc6 12. Bd3 Nxd4 13. f4 f5 14. Ng3 Bxe5 15.
fxe5 Qd5 16. Qb4 Qxa2 17. Qxd4 Qa1+ 18. Kd2 Qa5+ 19. b4 Qd5 20. Ne2 Qxg2 21. b5
Bd7 22. Kc1 Qd5 23. Bxf5 Qxd4 24. Bg6+ Kd8 25. Nxd4 Kc8 26. Bf7 a6 27. b6 cxb6
28. Rhf1 Nc6 29. Nxc6 bxc6 30. Rd6 Rf8 31. Rf6 Rb8 32. Bxe6 Rxf6 33. Bxd7+ Kc7
34. Rxf6 Kxd7 35. Rxh6 1-0

[Event "MCRE_PF18"]
[Site "?"]
[Date "2004.??.??"]
[Round "?"]
[White "Zahour, Jiri"]
[Black "Kohler, Josef"]
[Result "1-0"]
[WhiteElo "2212"]
[BlackElo "2253"]
[PlyCount "55"]
[EventDate "2004.??.??"]
[EventType "corr"]
[EventRounds "2"]
[SourceDate "2005.03.12"]

1. e4 c5 2. Nf3 Nc6 3. Bb5 g6 4. Bxc6 dxc6 5. d3 Bg7 6. h3 Nf6 7. Nc3 O-O 8.
Be3 b6 9. Qd2 e5 10. Bh6 Qd6 11. Bxg7 Kxg7 12. O-O-O a5 13. a4 Rb8 14. g4 b5
15. Ne2 Ne8 16. Rdg1 Kg8 17. axb5 cxb5 18. h4 a4 19. h5 b4 20. Qh6 Rb7 21. Nd2
Be6 22. f4 a3 23. Nf3 axb2+ 24. Kxb2 c4 25. fxe5 c3+ 26. Kc1 Ra7 27. Kd1 Ra4
28. Ng5 1-0

[Event "MCRE_PF18"]
[Site "?"]
[Date "2004.??.??"]
[Round "?"]
[White "Zahour, Jiri"]
[Black "Splichal, Josef"]
[Result "1-0"]
[WhiteElo "2212"]
[BlackElo "2279"]
[PlyCount "164"]
[EventDate "2004.??.??"]
[EventType "corr"]
[EventRounds "2"]
[SourceDate "2005.03.12"]

1. e4 e5 2. Nf3 Nc6 3. d4 exd4 4. Nxd4 Qf6 5. Nxc6 Bc5 6. Qd2 dxc6 7. Nc3 Bd6
8. Be2 Ne7 9. Qg5 Qxg5 10. Bxg5 Ng6 11. Be3 O-O 12. O-O-O Be6 13. g3 Bb4 14. f4
Bxc3 15. bxc3 Bxa2 16. c4 Rfe8 17. Rhe1 b5 18. cxb5 Rxe4 19. Bf3 Rb4 20. Rd3
Rb1+ 21. Kd2 Rxe1 22. Kxe1 Bc4 23. Bxc6 Bxd3 24. Bxa8 Bxb5 25. Bxa7 Ne7 26. Bf3
Bc4 27. Kd2 Nd5 28. Be4 g6 29. Bd3 Bxd3 30. Kxd3 Kf8 31. Kd4 Nf6 32. Kc5 Ke7
33. Kc6 Kd8 34. Bb8 Ne8 35. g4 Kc8 36. Ba7 Ng7 37. c3 f6 38. Bd4 Ne6 39. f5
gxf5 40. gxf5 Ng7 41. Bxf6 Nxf5 42. h3 h6 43. c4 Nd6 44. c5 Ne4 45. Bd4 Ng5 46.
h4 Nf3 47. Bf2 h5 48. Bg3 Nd4+ 49. Kd5 Nf5 50. Bf2 Kd7 51. Ke5 Ne7 52. Bg3 c6
53. Bf2 Nd5 54. Kf5 Ne7+ 55. Kf6 Nd5+ 56. Kg5 Ke6 57. Bd4 Ne7 58. Bb2 Nd5 59.
Kxh5 Kf5 60. Kh6 Kg4 61. h5 Ne7 62. Bf6 Nd5 63. Bg5 Kf5 64. Bc1 Kf6 65. Bb2+
Kf7 66. Be5 Ke6 67. Bd4 Kf7 68. Kg5 Kg8 69. Kg6 Nf4+ 70. Kf5 Ne2 71. Be3 Kh7
72. h6 Nc3 73. Bd4 Nd5 74. Bg7 Nc7 75. Ke5 Nd5 76. Kd6 Nb4 77. Bc3 Nd5 78. Bd2
Nf6 79. Kxc6 Kg6 80. Kb7 Ne4 81. c6 Nd6+ 82. Kb8 Nc4 1-0

[Event "MCRE_PF18"]
[Site "?"]
[Date "2004.??.??"]
[Round "?"]
[White "Zahour, Jiri"]
[Black "Thoma, Otomar"]
[Result "1-0"]
[WhiteElo "2212"]
[BlackElo "2273"]
[PlyCount "98"]
[EventDate "2004.??.??"]
[EventType "corr"]
[EventRounds "2"]
[SourceDate "2005.03.12"]

1. e4 c5 2. Nf3 Nc6 3. Bb5 g6 4. Bxc6 dxc6 5. d3 Bg7 6. h3 Nf6 7. Nc3 O-O 8.
Be3 b6 9. Qd2 e5 10. Bh6 Qd6 11. Bxg7 Kxg7 12. O-O Be6 13. Qg5 Nd7 14. Qg3 Rad8
15. Nd1 f6 16. Ne3 Kg8 17. a4 a5 18. Nd2 Qc7 19. b3 b5 20. axb5 cxb5 21. Nd5
Bxd5 22. exd5 b4 23. Qf3 Nb6 24. Rxa5 Nxd5 25. Rfa1 Rf7 26. Qe4 Nc3 27. Qc4 Qb7
28. Rxc5 Kg7 29. Qa6 Qb8 30. Rc4 Ne2+ 31. Kh1 Nc3 32. Qc6 Qb7 33. Qc5 Nd5 34.
Ne4 Re7 35. Ra5 Rc7 36. Qb5 Qxb5 37. Rxb5 Ra7 38. Rcc5 Rad7 39. Rc6 Kf7 40. Nc5
Ra7 41. Kh2 Ne7 42. Ra6 Rda8 43. Rxa7 Rxa7 44. Rxb4 Ra2 45. Rc4 h5 46. b4 Nd5
47. Nb3 Ke7 48. b5 Ra8 49. Rc6 Nb4 1-0

[Event "MCRE_PF18"]
[Site "?"]
[Date "2004.??.??"]
[Round "?"]
[White "Zahour, Jiri"]
[Black "Toman, Antonin"]
[Result "1/2-1/2"]
[WhiteElo "2212"]
[BlackElo "2199"]
[PlyCount "90"]
[EventDate "2004.??.??"]
[EventType "corr"]
[EventRounds "2"]
[SourceDate "2005.03.12"]

1. e4 e5 2. Nf3 Nc6 3. d4 exd4 4. Nxd4 Bc5 5. Nxc6 bxc6 6. Bd3 Qh4 7. Qe2 Nf6
8. O-O Ng4 9. h3 Ne5 10. Be3 Bb6 11. Nd2 O-O 12. c4 Bxe3 13. Qxe3 c5 14. Bc2
Rb8 15. b3 d6 16. f4 Nc6 17. e5 f5 18. Nf3 Qg3 19. exd6 cxd6 20. Rae1 Bb7 21.
Qd2 Rbd8 22. Qd5+ Kh8 23. Ng5 Rb8 24. Qd3 Qxd3 25. Bxd3 Rf6 26. Re6 Rxe6 27.
Nxe6 g6 28. Rd1 Bc8 29. Nc7 Bd7 30. Nb5 a6 31. Nc3 Re8 32. Kf2 Nd4 33. Bf1 Bc6
34. Ne2 Nxe2 35. Bxe2 Re6 36. Bf3 Bxf3 37. Kxf3 Kg7 38. g4 h6 39. Rd5 Rf6 40.
gxf5 gxf5 41. Kg3 Kf7 42. Kh4 Kg6 43. Rd1 Re6 44. Rd2 a5 45. Rd5 Rf6 1/2-1/2